Catálogo público

Influencia del contenido de grasa en la conservación de la hebra del queso oaxaca / (Record no. 174267)

MARC details
000 -CABECERA
campo de control de longitud fija 03981nam a2200445 a 4500
001 - NÚMERO DE CONTROL
campo de control dia_3705
003 - IDENTIFICADOR DEL NÚMERO DE CONTROL
campo de control CHAP
005 - FECHA Y HORA DE LA ÚLTIMA TRANSACCIÓN
campo de control 20250617100009.0
007 - CAMPO FIJO DE DESCRIPCIÓN FÍSICA--INFORMACIÓN GENERAL
campo de control de longitud fija ta
008 - DATOS DE LONGITUD FIJA--INFORMACIÓN GENERAL
campo de control de longitud fija 220117s2001 mx ado frm 001 0 spa d
010 ## - NÚMERO DE CONTROL DE LA BIBLIOTECA DEL CONGRESO
Número de control de LC 174267
040 ## - FUENTE DE LA CATALOGACIÓN
Centro catalogador/agencia de origen mxchpua
Centro/agencia transcriptor CHAP
041 0# - CÓDIGO DE LENGUA
Código de lengua del texto/banda sonora o título independiente spa
Código de lengua del sumario o resumen eng
090 ## - LOCALMENTE ASIGNADO TIPO-LC NÚMERO DE CLASIFICACIÓN (OCLC); NÚMERO DE CLASIFICACIÓN LOCAL (RLIN)
Número de clasificación (OCLC) (R) ; Numero de clasificación, CALL (RLIN) (NR) Tesis
Número cutter local (OCLC) ; Número de libro/Signatura topográfica íntegra, CALL (RLIN) C37
año 2001
100 1# - ENTRADA PRINCIPAL--NOMBRE DE PERSONA
Nombre de persona Carrazco Vargas, Ruth Elver
240 10 - TÍTULO UNIFORME
Título uniforme Fat content influece in the fiber preservation of oaxaca cheese.
Lenguaje de la obra Español
245 10 - MENCIÓN DE TÍTULO
Título Influencia del contenido de grasa en la conservación de la hebra del queso oaxaca /
Mención de responsabilidad, etc. Ruth Elver Carrazco Vargas
264 ## - PRODUCCIÓN, PUBLICACIÓN, DISTRIBUCIÓN, FABRICACIÓN Y COPYRIGHT
Producción, publicación, distribución, fabricación y copyright Chapingo, México :
Nombre del de productor, editor, distribuidor, fabricante El autor,
Fecha de producción, publicación, distribución, fabricación o copyright 2001
300 ## - DESCRIPCIÓN FÍSICA
Extensión iii, 69 hojas :
Otras características físicas ilustraciones, tablas, gráficas, fotografías
336 ## - TIPO DE CONTENIDO
Fuente rdacontent
Término de tipo de contenido texto
Código de tipo de contenido txt
337 ## - TIPO DE MEDIO
Fuente rdamedia
Nombre/término del tipo de medio no mediado
Código del tipo de medio n
338 ## - TIPO DE SOPORTE
Fuente rdacarrier
Nombre/término del tipo de soporte volumen
Código del tipo de soporte nc
502 ## - NOTA DE TESIS
Nota de tesis Tesis
Tipo de título (Ingeniero Agroindustrial) --
Nombre de la institución que otorga el título UACh. Departamento de Ingeniería Agroindustrial,
Año de obtención del título 2001
504 ## - NOTA DE BIBLIOGRAFÍA, ETC.
Nota de bibliografía, etc. Bibliografía: hojas 49-54
520 3# - SUMARIO, ETC.
Sumario, etc. Se ha observado que durante el almacenamiento en refrigeración del queso tipo Oaxaca, existe pérdida de su hebra.Por lo que en esta investigación se ha evaluado la influencia de la variación en el contenido de grasa de la leche para su elaboración, sobre la pérdida de su hebra, asi como definir el tiempo en el que ésta se conserva. Mediante un diseño experimental en parcelas divididas, se realizaron cuatro tratamientos, los cuales consistieron en estandarizar la leche pasteurizada a 1, 2y 3% de grasa, tomando como testigo el porcentaje de grasa de la leche entera (3.3%). Los quesos se realizaron por triplicado y fueron almacenados en condiciones de refrigeración a 1, 8 y 15 dias. Se realizó una medición indirecta de la hebra mediante la determinación de su firmeza de manera instrumental. Los resultados informan que la variación del contenido graso en la leche afecta la conservación de la hebra del queso tipo Oaxaca durante su almacenamiento. Existe diferencia significativa entre los tratamientos, siendo el queso con 2% de grasa el que mejor conservó la hebra a los 8 dias de almacenamiento, con una firmeza promedio de 473.817gf, permaneciendo dentro de la zona de hebra.
520 3# - SUMARIO, ETC.
Sumario, etc. It has been observed that during the refrigerated storage of Oaxaca type cheese, there is a loss of its fiber. That is why in this research work it has been evaluated the influence of the variation in the milk fat content for its processing on the loss of fiber, as well as to define the time in which the fiber is preserved. By means of an experimental design in divided parcels, four treatments were made, which consisted of standardizing pasteurized milk to 1, 2 and 3% of fat, taking as the witness the whole milk fat percentage (3.3%). The cheeses were made by triplicate and were stored in refrigeration for 1, 8 and 15 days. An indirect measurement of the fiber by means of the firmness determination was made instrumentally.<br/>The results show that the variation of the milk fat content affect the preservation of the fiber from Oaxaca type cheese during its storage, exists significant difference between the treatments, being the cheese with 2% of fat, the one that better preserved the fiber in the 8 days of storage, with a firmness average of 473.817gf, remaining within the fiber zone.
650 13 - PUNTO DE ACCESO ADICIONAL DE MATERIA--TÉRMINO DE MATERIA
Término de materia o nombre geográfico como elemento de entrada Quesos
Subdivisión general Refrigeración
Fuente del encabezamiento o término atg
650 13 - PUNTO DE ACCESO ADICIONAL DE MATERIA--TÉRMINO DE MATERIA
Término de materia o nombre geográfico como elemento de entrada Quesos
Subdivisión general Porcentaje de grasa de la leche
Fuente del encabezamiento o término atg
650 13 - PUNTO DE ACCESO ADICIONAL DE MATERIA--TÉRMINO DE MATERIA
Término de materia o nombre geográfico como elemento de entrada Quesos
Subdivisión general Preservación de alimentos
Fuente del encabezamiento o término atg
650 13 - PUNTO DE ACCESO ADICIONAL DE MATERIA--TÉRMINO DE MATERIA
Término de materia o nombre geográfico como elemento de entrada Cheeses
Subdivisión general Food preservation
Fuente del encabezamiento o término atg
650 13 - PUNTO DE ACCESO ADICIONAL DE MATERIA--TÉRMINO DE MATERIA
Término de materia o nombre geográfico como elemento de entrada Cheeses
Subdivisión general Milk fat percentage
Fuente del encabezamiento o término atg
650 13 - PUNTO DE ACCESO ADICIONAL DE MATERIA--TÉRMINO DE MATERIA
Término de materia o nombre geográfico como elemento de entrada Cheeses
Subdivisión general Refrigeration
Fuente del encabezamiento o término atg
700 1# - PUNTO DE ACCESO ADICIONAL--NOMBRE DE PERSONA
Nombre de persona Santos Moreno, Armando
Término indicativo de función/relación director
700 1# - PUNTO DE ACCESO ADICIONAL--NOMBRE DE PERSONA
Nombre de persona Mejenes Quijano, Amilcar Renán
Término indicativo de función/relación asesor
700 1# - PUNTO DE ACCESO ADICIONAL--NOMBRE DE PERSONA
Nombre de persona Villegas de Gante, Abraham Zacarias
Término indicativo de función/relación asesor
901 ## - ELEMENTOS DE DATOS A LOCAL LDA (RLIN)
a TESIS C37 2001
942 ## - ELEMENTOS DE PUNTO DE ACCESO ADICIONAL (KOHA)
Tipo de ítem Koha TESIS
Fuente del sistema de clasificación o colocación Clasificación Universidad Autónoma Chapingo
902 ## - ELEMENTOS DE DATOS B LOCAL, LDB (RLIN)
a M
905 ## - ELEMENTOS DE DATOS E LOCAL, LDE (RLIN)
a 5232272001 mx nm 8223123322spa16
Holdings
Estado de retiro Estado de pérdida Fuente del sistema de clasificación o colocación Estado dañado Restricciones de uso No para préstamo Código de colección Localización permanente Ubicación/localización actual Fecha de adquisición Fuente de adquisición Total de préstamos Signatura topográfica completa Código de barras Fecha visto por última vez Número de copia Precio válido a partir de Tipo de ítem Koha
    Clasificación Universidad Autónoma de Chapingo   Préstamo 5 días   Tesis Ingenieria Agroindustrial Ingenieria Agroindustrial 18/01/2022 El autor   Tesis C37 2001 1101010845 02/02/2026 Ej.2 18/01/2022 Tesis
    Clasificación Universidad Autónoma de Chapingo   Préstamo interno   Tesis Ingenieria Agroindustrial Ingenieria Agroindustrial 18/01/2022 El autor   Tesis C37 2001 1101010844 02/02/2026 Ej.1 18/01/2022 Tesis